000 01533cam a2200433 a 4500
001 16801187
003 OSt
005 20230902141034.0
008 110528s2012 enka b 001 0 eng
010 _a 2011017182
016 7 _a015855692
_2Uk
016 7 _a101580423
_2DNLM
020 _a9780415559898 (pb)
020 _a9780367238018
020 _a9780415559881 (hb)
020 _a041555988X (hb)
020 _a0415559898 (pb)
020 _a9780203357422 (eb)
020 _a0203357426 (eb)
035 _a(OCoLC)ocn607983011
040 _aDLC
_cDLC
_dBTCTA
_dUKMGB
_dYDXCP
_dCDX
_dC#P
_dNLM
_dDLC
050 0 0 _aRA410.5
_b.B37 2012
060 0 0 _a2012 C-113
060 1 0 _aW 74.1
082 0 0 _a338.473621
_bBAR/H
100 1 _aBarros, Pedro Pita
_99401
245 1 0 _aHealth economics :
_ban industrial organization perspective /
_cPedro Pita Barros and Xavier Martinez-Giralt.
260 _aMilton Park, Abingdon, Oxon ;
_aNew York :
_bRoutledge,
_cc2012.
300 _axvi, 340 p. :
_bill. ;
_c25 cm.
504 _aIncludes bibliographical references (p. [323]-336) and index.
650 0 _aMedical economics.
650 0 _aMedical care
_xMarketing.
650 1 2 _aEconomics, Medical.
650 2 2 _aMarketing of Health Services.
700 1 _aMartinez-Giralt, Xavier.
906 _a7
_bcbc
_corignew
_d1
_eecip
_f20
_gy-gencatlg
942 _2ddc
_cBK
_h338.473621
_iBAR/H
_k338.473621
_mBAR/H
999 _c42072
_d42072